00286nam a2200121Ia 4500008004100000100002000041245002700061260001700088300000900105650002600114942000700140999001700147190216s9999||||xx |||||||||||||| ||und|| aSheila Burnford 4aThe Incredible Journey bBi Pubc1983 a150p aEnglish Short Stories cBK c13113d13113